000 00508nam a2200169Ia 4500
008 140429s9999 xx 000 0 und d
020 _a9781424007875
050 _aPE 1628
_b.C692i 2008
245 _aCollins Cobuild school dictionary of American English /
_cedited by : Katherine Carroll.
250 _a1st ed.
260 _aMassachusetts :
_bThomson ELT,
_cc2008.
300 _a1084 p. :
_c20 cm.
521 _aGE
650 _aEnglish language
_xDictionaries.
942 _kFOR
_cBK
999 _c115629
_d115629